Precise haematology for undergraduate medical students (Record no. 17665)

MARC details
000 -LEADER
fixed length control field 00564nam a22001937a 4500
008 - FIXED-LENGTH DATA ELEMENTS--GENERAL INFORMATION
fixed length control field 190517b xxu||||| |||| 00| 0 eng d
020 ## - INTERNATIONAL STANDARD BOOK NUMBER
International Standard Book Number 8126539437
040 ## - CATALOGING SOURCE
Original cataloging agency KABU
Transcribing agency KABU
050 ## - LIBRARY OF CONGRESS CALL NUMBER
Classification number RC633
Item number .R87 2014 c. 1
100 ## - MAIN ENTRY--PERSONAL NAME
Personal name Rusia, Usha
245 ## - TITLE STATEMENT
Title Precise haematology for undergraduate medical students
Statement of responsibility, etc. Usha Rusia, Meera Sikka, Renu Saxena
260 ## - PUBLICATION, DISTRIBUTION, ETC. (IMPRINT)
Place of publication, distribution, etc. New Delhi
Name of publisher, distributor, etc. Wiley India
Date of publication, distribution, etc. 2014
300 ## - PHYSICAL DESCRIPTION
Extent ix, 258 p.
650 ## - SUBJECT ADDED ENTRY--TOPICAL TERM
Topical term or geographic name as entry element Hematology
650 ## - SUBJECT ADDED ENTRY--TOPICAL TERM
Topical term or geographic name as entry element Blood
General subdivision Disease
700 ## - ADDED ENTRY--PERSONAL NAME
Personal name Sikka, Meera
700 ## - ADDED ENTRY--PERSONAL NAME
Personal name Saxena, Renu
942 ## - ADDED ENTRY ELEMENTS (KOHA)
Source of classification or shelving scheme Library of Congress Classification
Koha item type General Collection
Classification part RC633
Holdings
Withdrawn status Lost status Source of classification or shelving scheme Not for loan Home library Current library Date acquired Cost, normal purchase price Total Checkouts Total Renewals Full call number Barcode Date last seen Date last checked out Copy number Price effective from Koha item type
    Library of Congress Classification   Kabarak, Main Campus Kabarak, Main Campus 17/05/2019 4995.00 37 4 RC633 .R87 2014 c. 1 024859 26/07/2025 24/06/2025 c. 1 17/05/2019 General Collection
Designed with assistance from East African Informatics Ltd